اردو میں قصیدہ نگاری / (Record no. 106205)

MARC details
000 -LEADER
fixed length control field 00951nam a22002537a 4500
005 - DATE AND TIME OF LATEST TRANSACTION
control field 20170123162304.0
010 ## - LIBRARY OF CONGRESS CONTROL NUMBER
LC control number B-029261
020 ## - INTERNATIONAL STANDARD BOOK NUMBER
Terms of availability 150.00
International Standard Book Number 8187231262
035 ## - SYSTEM CONTROL NUMBER
System control number B-029261
037 ## - SOURCE OF ACQUISITION
Source of stock number/acquisition Cen Lib/Ret
040 ## - CATALOGING SOURCE
Original cataloging agency DPL
Language of cataloging UR
082 ## - DEWEY DECIMAL CLASSIFICATION NUMBER
Classification number 841.08
Item number ا ب و
100 ## - MAIN ENTRY--PERSONAL NAME
Personal name ابے محمّد سحر
9 (RLIN) 109141
245 ## - TITLE STATEMENT
Title اردو میں قصیدہ نگاری /
Statement of responsibility, etc ابے محمّد سحر
246 ## - VARYING FORM OF TITLE
Title proper/short title Urdu mein qaseeda nigari /
Remainder of title nu ABu Mohammad Sahar
260 ## - PUBLICATION, DISTRIBUTION, ETC. (IMPRINT)
Place of publication, distribution, etc دہلی
Name of publisher, distributor, etc تخلیقکار پبلیشیرس
Date of publication, distribution, etc 2007
270 ## - ADDRESS
City دہلی
Address 104/B- یاور منزل ١ بلاک لکشمی نگر
Postal code 110092
300 ## - PHYSICAL DESCRIPTION
Extent 274p.
Dimensions 21cm(Hb)
650 ## - SUBJECT ADDED ENTRY--TOPICAL TERM
Topical term or geographic name as entry element شاعری، اردو - تاریخ اور تنقید.
9 (RLIN) 109142
650 ## - SUBJECT ADDED ENTRY--TOPICAL TERM
Topical term or geographic name as entry element شاعری، اردو
9 (RLIN) 109143
650 ## - SUBJECT ADDED ENTRY--TOPICAL TERM
Topical term or geographic name as entry element Laudatory poetry, Urdu -- History and criticism.
9 (RLIN) 109144
650 ## - SUBJECT ADDED ENTRY--TOPICAL TERM
Topical term or geographic name as entry element Urdu poetry
9 (RLIN) 109145
942 ## - ADDED ENTRY ELEMENTS (KOHA)
Source of classification or shelving scheme Dewey Decimal Classification
Koha item type Urdu Bks
Classification part 841.08
Call number suffix ا ب و
Holdings
Withdrawn status Lost status Damaged status Not for loan Home library Current library Date acquired Source of acquisition Cost, normal purchase price Total Checkouts Full call number Barcode Date last seen Date checked out Copy number Cost, replacement price Price effective from Koha item type
        Central Library Central Library 16/12/2015 Cen Lib/Ret 150.00 1 841.08 ا ب و B-029261 06/02/2019 22/01/2019 1 150.00 16/12/2015 Urdu Bks

© Delhi Public Library
Hit Counter
free hit counter